00965cam a2200265 a 450000100100000000500170001000800410002702000150006804000290008308200190011210000600013124501110019126000330030230000200033549000180035549000150037350000270038865000310041565000340044683000390048091000340051904900090055395201220056299900150068400000963520200929161642.0011118s2000 gt f001 0 spa  a9992200693 aDO-SdBNPbspacLCdBNPHU aG862.64bG216q1 aGarcía Urrea, José Antonioq(José Antonio)92449710aQue traigan al chucho :bteatro chico en un acto para representar y leer /cJosé Antonio García Urrea. aGuatemala :bCultura,c2000. a73 p. ;c22 cm.1 aManuel Galich1 aTeatro,v1 a"4 jugetes cómicos." 4aTeatro guatemalteco924498 4aLiteratura guatemalteca95393 0aManuel Galich :pTeatro,v1924499 aCatalogación por copia / LC aBNGR 001052708MOaGRbGRcCTd2009-09-30iLF1l0oG862.64 G216qp9635-10r2020-06-25w2020-06-25y2ZPréstamo interno c9395d9395